000 00996nam a2200253 i 4500
001 001188208
003 AM-YeHGA
005 20250618074620.0
008 161109s2016 ai a|||er|||||000|p|arm||
020 _a9789939517292
040 _aAM-YeHGA
041 0 _aarm
100 1 _aՀուսիկ, Արա,
_d1967-
245 1 0 _aԵրևան քաղաք :
_b[Բնաստեղծություններ] /
_cՀուսիկ Արա; Խմբ.՝ Ա. Նիկողոսյան; Նկ.՝ Մառամ Ավա; Կազմի լուսանկ.՝ Ս. Ադամյան.
260 _aԵրևան :
_bԱնտարես,
_c2016.
300 _a72 էջ :
_bնկ. ;
_c20 սմ.
650 1 4 _aՀայ պոեզիա
_y21-րդ դար
650 1 4 _aՀայ գրականություն
_xՊոեզիա
651 4 _aԵրևան
_vՊոեզիա
700 1 _aՆիկողոսյան, Արքմենիկ Հրայրի,
_d1979-
_eխմբ.
_4edt
_94117
700 1 _aԱվա, Մառամ
_eնկ.
_4ill
700 1 _aԱդամյան, Ս
_eլուսանկ.
_4pht
090 _c379825
999 _c377913
_d377913